000 00845nam a2200229Ia 4500
001 15236
003 GE_BSU
008 181216s||||||||xx |||||||||||||| ||und||
040 _cGE_BSU
080 _a821.353.1-11
100 _aჩარკვიანი,ჯანსუღ
245 _aრწმენის კედელი
245 _bლირიკული პოემები
245 _cწინას. ავტ.მაკა ჯოხაძე. რედ.ე.ფალიანი. მხატვ. ნ.მალაზონია
260 _aთბილისი
260 _bსაბჭოთა საქართველო
260 _c1983
300 _a362გვ.19სმ.
653 _aლირიკული პოემები
653 _aრწმენის კედელი
942 _cBK
999 _c48348
_d48348